000 00957nam a2200229 a 4500
001 000037573
005 20200930080440.0
008 120501s2002 sp 000 0 spa d
020 _a8400080661
040 _aDO-SdBNP
_bspa
_cBNPHU
082 _axxx
_bV393h
100 1 _aVázquez Bertomeu, Mercedes
_964034
245 1 3 _aLa hacienda arzobispal compostelana /
_cMercedes Vázquez Bertomeu ; prólogo Eduardo Pardo de Guevara y Valdés.
260 _aSantiago de Compostela :
_bConsejo Superior de Investigaciones Científicas,
_c2002.
300 _a373 p. ;
_c24 cm.
490 1 _aCuadernos de estudios gallegos anejo
_v29
500 _aIncluye referencias bibliográficas y notas al pie de las páginas.
504 _aBibliografía: p.363-373
700 1 2 _aGuevara y Valdés, Eduardo Pardo de
_epról.
_964035
710 2 _aConsejo Superior de Investigaciones Científicas (España)
_915178
830 0 _aCuadernos de estudios gallegos anejo
_n29
_964036
999 _c37063
_d37063